Statistics for 2018 Monster Energy NASCAR Cup Series Winners

Click here to take the quiz!

General Stats

  • This quiz has been taken 107 times
  • The average score is 27 of 40

Answer Stats

RaceTrackWinner% Correct
Daytona 500Daytona International SpeedwayAustin Dillon
82%
Folds of Honor QuikTrip 500Atlanta Motor SpeedwayKevin Harvick
80%
Ford EcoBoost 400Homestead-Miami SpeedwayJoey Logano
77%
Toyota Owners 400Richmond RacewayKyle Busch
77%
Advance Auto Parts ClashDaytona International SpeedwayBrad Keselowski
75%
Ticket Guardian 500ISM RacewayKevin Harvick
75%
Pennzoil 400Las Vegas Motor SpeedwayKevin Harvick
75%
O'Reilly Auto Parts 500Texas Motor SpeedwayKyle Busch
75%
Food City 500Bristol Motor SpeedwayKyle Busch
73%
Auto Club 400Auto Club SpeedwayMartin Truex, Jr.
73%
Bank of America Roval 400Charlotte Motor Speedway RovalRyan Blaney
73%
Geico 500Talladega SuperspeedwayJoey Logano
72%
Overton's 400Chicagoland SpeedwayKyle Busch
72%
Go Bowling at the GlenWatkins Glen InternationalChase Elliott
70%
Coca-Cola 600Charlotte Motor SpeedwayKyle Busch
70%
Can-Am 500ISM RacewayKyle Busch
70%
First Data 500Martinsville SpeedwayJoey Logano
68%
AAA 400 Drive for AutismDover International SpeedwayKevin Harvick
68%
KC Masterpiece 400Kansas SpeedwayKevin Harvick
68%
STP 500Martinsville SpeedayClint Bowyer
67%
Monster Energy All-Star RaceCharlotte Motor SpeedwayKevin Harvick
67%
AAA Texas 500Texas Motor SpeedwayKevin Harvick
67%
Gander Outdoors 400Pocono RacewayKyle Busch
67%
Quaker State 400Kentucky SpeedwayMartin Truex, Jr.
67%
Toyota/Save Mart 350Sonoma RacewayMartin Truex, Jr.
67%
Foxwoods Resort Casino 301New Hampshire Motor SpeedwayKevin Harvick
65%
Bass Pro Shops/NRA Night RaceBristol Motor SpeedwayKurt Busch
65%
Federated Auto Parts 400Richmond RacewayKyle Busch
65%
Pocono 400Pocono RacewayMartin Truex, Jr.
65%
Big Machine Vodka 400 at the BrickyardIndianapolis Motor SpeedwayBrad Keselowski
63%
Bojangles' Southern 500Darlington RacewayBrad Keselowski
62%
Gander Outdoors 400Dover International SpeedwayChase Elliott
62%
Consumers Energy 400Michigan International SpeedwayKevin Harvick
62%
Coke Zero Sugar 400Daytona International SpeedwayErik Jones
60%
South Point 400Las Vegas Motor SpeedwayBrad Keselowski
58%
Can-Am Duel 2Daytona International SpeedwayChase Elliott
58%
Hollywood Casino 400Kansas SpeedwayChase Elliott
58%
1000Bulbs.com 500Talladega SuperspeedwayAric Almirola
57%
FireKeepers Casino 400Michigan International SpeedwayClint Bowyer
57%
Can-Am Duel 1Daytona International SpeedwayRyan Blaney
55%

Score Distribution

Percentile by Number Answered

Percent of People with Each Score

Your Score History

You have not taken this quiz